000 00429nam a2200157Ia 4500
003 GCL
008 140319s9999 xx 000 0 ara d
040 _aGCL /
_cGCL
082 0 4 _a813.01
_bح ل
100 1 _aحسين عيد
245 1 0 _aلو تظهر الشمس مجموعة قصص قصيرة /
_cحسين عيد
490 _a
650 0 4 _aالادب العربى
650 0 4 _aالقصص القصيرة
942 _2ddc
_cBK
999 _c40063
_d40063